[Event "Королевский Гамбит. Южный Федеральный округ."]
[Date "2025-11-21"]
[Round "2.2"]
[Board "2"]
[White "Коростылев Марк"]
[WhiteElo "1010"]
[Black "Дьяченко Владислав"]
[BlackElo "990"]
[WebSite "https://www.chessopen.ru"]
[GameId "4b0066f9-8814-4a24-b17b-b718a0904681"]
[Result "1-0"]

1. e4 { [%clk 0:10:01] } e5 { [%clk 0:10:00] } 2. Nf3 { [%clk 0:10:01] } Nc6 {
[%clk 0:10:00] } 3. Nc3 { [%clk 0:10:02] } Nf6 { [%clk 0:10:01] } 4. Bc4 {
[%clk 0:10:03] } Bc5 { [%clk 0:10:01] } 5. d3 { [%clk 0:10:04] } h6 { [%clk
0:10:01] } 6. O-O { [%clk 0:10:04] } d6 { [%clk 0:09:59] } 7. Nd5 { [%clk
0:10:03] } Bg4 { [%clk 0:09:50] } 8. h3 { [%clk 0:09:56] } Bh5 { [%clk 0:09:51]
} 9. Be3 { [%clk 0:09:43] } Bxe3 { [%clk 0:09:50] } 10. Nxe3 { [%clk 0:09:41] }
Nd4 { [%clk 0:09:48] } 11. Nd5 { [%clk 0:09:08] } Nxf3+ { [%clk 0:09:41] } 12.
gxf3 { [%clk 0:09:08] } Nxd5 { [%clk 0:09:38] } 13. Bxd5 { [%clk 0:09:06] } c6
{ [%clk 0:09:39] } 14. Bc4 { [%clk 0:09:04] } d5 { [%clk 0:09:37] } 15. exd5 {
[%clk 0:08:52] } cxd5 { [%clk 0:09:38] } 16. Bb3 { [%clk 0:08:52] } e4 { [%clk
0:09:35] } 17. Ba4+ { [%clk 0:08:39] } Kf8 { [%clk 0:09:32] } 18. Qe1 { [%clk
0:08:34] } exf3 { [%clk 0:09:31] } 19. Qe5 { [%clk 0:08:07] } Qe8 { [%clk
0:09:14] } 20. Bxe8 { [%clk 0:07:56] } Kg8 { [%clk 0:09:12] } 21. Ba4 { [%clk
0:07:51] } Kh7 { [%clk 0:09:13] } 22. Qxh5 { [%clk 0:07:52] } g6 { [%clk
0:09:11] } 23. Qxd5 { [%clk 0:07:51] } Rad8 { [%clk 0:09:11] } 24. Qxf3 { [%clk
0:07:50] } g5 { [%clk 0:09:06] } 25. Qxf7# { [%clk 0:07:49] } 1-0

[Event "Королевский Гамбит. Южный Федеральный округ."]
[Date "2025-11-21"]
[Round "2.2"]
[Board "2"]
[White "Краль Ян"]
[WhiteElo "1010"]
[Black "Кобызев Артём"]
[BlackElo "990"]
[WebSite "https://www.chessopen.ru"]
[GameId "f74b7178-65a2-4f55-a457-9cccb8dc6297"]
[Result "1-0"]

1. e4 { [%clk 0:09:59] } e5 { [%clk 0:10:00] } 2. Nf3 { [%clk 0:09:59] } Nc6 {
[%clk 0:10:00] } 3. d4 { [%clk 0:09:57] } exd4 { [%clk 0:09:58] } 4. Nxd4 {
[%clk 0:09:57] } Nxd4 { [%clk 0:09:58] } 5. Qxd4 { [%clk 0:09:58] } Nf6 { [%clk
0:09:51] } 6. Nc3 { [%clk 0:09:57] } d6 { [%clk 0:09:49] } 7. Bg5 { [%clk
0:09:54] } Be7 { [%clk 0:09:47] } 8. O-O-O { [%clk 0:09:48] } Bg4 { [%clk
0:09:43] } 9. f3 { [%clk 0:09:46] } Bh5 { [%clk 0:09:37] } 10. h4 { [%clk
0:09:45] } h6 { [%clk 0:09:35] } 11. Be3 { [%clk 0:09:43] } Nd7 { [%clk
0:09:22] } 12. g4 { [%clk 0:09:38] } O-O { [%clk 0:09:19] } 13. gxh5 { [%clk
0:09:31] } Ne5 { [%clk 0:09:14] } 14. f4 { [%clk 0:09:27] } Nf3 { [%clk
0:09:12] } 15. Qd3 { [%clk 0:09:15] } Bxh4 { [%clk 0:08:56] } 16. Be2 { [%clk
0:09:15] } Bf6 { [%clk 0:08:43] } 17. Bxf3 { [%clk 0:09:10] } Bxc3 { [%clk
0:08:42] } 18. Qxc3 { [%clk 0:09:10] } a5 { [%clk 0:08:18] } 19. Rhg1 { [%clk
0:09:02] } Ra6 { [%clk 0:08:13] } 20. Qxg7# { [%clk 0:09:02] } 1-0

[Event "Королевский Гамбит. Южный Федеральный округ."]
[Date "2025-11-21"]
[Round "2.2"]
[Board "2"]
[White "Любимов Иван"]
[WhiteElo "1000"]
[Black "Игнатьев Тимофей"]
[BlackElo "990"]
[WebSite "https://www.chessopen.ru"]
[GameId "6e822235-2e18-4284-ab5c-24b38a5618c2"]
[Result "1-0"]

1. e4 { [%clk 0:09:58] } e6 { [%clk 0:09:52] } 2. Nf3 { [%clk 0:09:56] } Nf6 {
[%clk 0:09:49] } 3. d3 { [%clk 0:09:48] } Bc5 { [%clk 0:09:48] } 4. d4 { [%clk
0:09:35] } Qe7 { [%clk 0:09:48] } 5. dxc5 { [%clk 0:09:35] } Qxc5 { [%clk
0:09:46] } 6. Be3 { [%clk 0:09:31] } Qb4+ { [%clk 0:09:37] } 7. Bd2 { [%clk
0:09:23] } Qxe4+ { [%clk 0:09:40] } 8. Be2 { [%clk 0:09:19] } Qg6 { [%clk
0:09:36] } 9. Bd3 { [%clk 0:09:20] } Qxg2 { [%clk 0:09:36] } 10. Rf1 { [%clk
0:08:56] } Qg6 { [%clk 0:09:30] } 11. Rg1 { [%clk 0:08:55] } O-O { [%clk
0:09:33] } 12. Rxg6 { [%clk 0:08:52] } fxg6 { [%clk 0:09:32] } 13. Bb4 { [%clk
0:08:40] } d5 { [%clk 0:09:35] } 14. Bxf8 { [%clk 0:08:41] } Kxf8 { [%clk
0:09:35] } 15. Ng5 { [%clk 0:08:28] } h6 { [%clk 0:09:29] } 16. Nh7+ { [%clk
0:08:25] } Ke7 { [%clk 0:09:27] } 17. Nxf6 { [%clk 0:08:24] } Kxf6 { [%clk
0:09:26] } 18. Qf3+ { [%clk 0:08:22] } Ke7 { [%clk 0:09:22] } 19. Bxg6 { [%clk
0:08:14] } Nc6 { [%clk 0:09:16] } 20. Qf7+ { [%clk 0:08:09] } Kd6 { [%clk
0:09:16] } 21. Qf8+ { [%clk 0:07:59] } Ke5 { [%clk 0:09:12] } 22. Qxg7+ { [%clk
0:07:49] } Kd6 { [%clk 0:09:10] } 23. Qxh6 { [%clk 0:07:40] } Nb4 { [%clk
0:09:06] } 24. Qd2 { [%clk 0:07:32] } Na6 { [%clk 0:09:01] } 25. b4 { [%clk
0:07:28] } Bd7 { [%clk 0:08:54] } 26. Qf4+ { [%clk 0:07:08] } Ke7 { [%clk
0:08:53] } 27. Qf7+ { [%clk 0:07:03] } Kd6 { [%clk 0:08:52] } 28. Bd3 { [%clk
0:06:45] } Nxb4 { [%clk 0:08:47] } 29. Qf4+ { [%clk 0:06:28] } Kc5 { [%clk
0:08:40] } 30. Qxc7+ { [%clk 0:06:14] } Kd4 { [%clk 0:08:35] } 31. Qxd7 { [%clk
0:06:05] } Nxc2+ { [%clk 0:08:37] } 32. Bxc2 { [%clk 0:06:04] } 1-0

[Event "Королевский Гамбит. Южный Федеральный округ."]
[Date "2025-11-21"]
[Round "2.2"]
[Board "2"]
[White "Рочвак Артём"]
[WhiteElo "1010"]
[Black "Гончаров Никита"]
[BlackElo "1010"]
[WebSite "https://www.chessopen.ru"]
[GameId "44d8614a-7cdf-449f-900f-4934b534ead9"]
[Result "0-1"]

1. e4 { [%clk 0:10:00] } e5 { [%clk 0:10:00] } 2. Nf3 { [%clk 0:09:55] } Nc6 {
[%clk 0:10:01] } 3. Nc3 { [%clk 0:09:52] } Nf6 { [%clk 0:09:58] } 4. Bc4 {
[%clk 0:09:46] } Nxe4 { [%clk 0:09:58] } 5. Nxe4 { [%clk 0:09:46] } d5 { [%clk
0:09:55] } 6. d3 { [%clk 0:09:29] } dxc4 { [%clk 0:09:51] } 7. dxc4 { [%clk
0:09:29] } Qxd1+ { [%clk 0:09:45] } 8. Kxd1 { [%clk 0:09:32] } Bf5 { [%clk
0:09:42] } 9. Nc5 { [%clk 0:09:31] } Bxc5 { [%clk 0:09:39] } 10. Ke2 { [%clk
0:09:26] } O-O-O { [%clk 0:09:36] } 11. c3 { [%clk 0:09:20] } Bg4 { [%clk
0:09:34] } 12. h3 { [%clk 0:09:18] } Bh5 { [%clk 0:09:34] } 13. g4 { [%clk
0:09:19] } Bg6 { [%clk 0:09:35] } 14. Bg5 { [%clk 0:09:17] } f6 { [%clk
0:09:32] } 15. Be3 { [%clk 0:09:13] } Bxe3 { [%clk 0:09:29] } 16. fxe3 { [%clk
0:09:15] } Bd3+ { [%clk 0:09:23] } 17. Kf2 { [%clk 0:09:11] } Bxc4 { [%clk
0:09:22] } 18. b3 { [%clk 0:09:08] } Bd5 { [%clk 0:09:17] } 19. c4 { [%clk
0:09:01] } Bxf3 { [%clk 0:09:17] } 20. Kxf3 { [%clk 0:09:01] } Nb4 { [%clk
0:09:14] } 21. a3 { [%clk 0:09:00] } Nc6 { [%clk 0:09:04] } 22. Rhd1 { [%clk
0:08:56] } Rxd1 { [%clk 0:08:53] } 23. Rxd1 { [%clk 0:08:56] } Rd8 { [%clk
0:08:50] } 24. Rc1 { [%clk 0:08:55] } Rd3 { [%clk 0:08:40] } 25. Rb1 { [%clk
0:08:48] } Na5 { [%clk 0:08:39] } 26. b4 { [%clk 0:08:44] } Nxc4 { [%clk
0:08:38] } 27. a4 { [%clk 0:08:40] } Nd2+ { [%clk 0:08:38] } 28. Ke2 { [%clk
0:08:38] } Nxb1 { [%clk 0:08:34] } 29. Kxd3 { [%clk 0:08:37] } Kd7 { [%clk
0:08:18] } 30. Kc2 { [%clk 0:08:30] } Na3+ { [%clk 0:08:16] } 31. Kb3 { [%clk
0:08:27] } Nb1 { [%clk 0:08:17] } 32. Kc2 { [%clk 0:08:27] } Kc6 { [%clk
0:08:14] } 33. b5+ { [%clk 0:08:25] } Kb6 { [%clk 0:08:11] } 34. Kxb1 { [%clk
0:08:26] } Ka5 { [%clk 0:08:12] } 35. b6 { [%clk 0:08:23] } axb6 { [%clk
0:08:10] } 36. Ka2 { [%clk 0:08:22] } Kxa4 { [%clk 0:08:11] } 37. Kb2 { [%clk
0:08:22] } c5 { [%clk 0:08:12] } 38. e4 { [%clk 0:08:21] } Kb4 { [%clk 0:08:10]
} 39. h4 { [%clk 0:08:20] } Kc4 { [%clk 0:08:09] } 40. Kc2 { [%clk 0:08:18] }
Kd4 { [%clk 0:08:10] } 41. Kd2 { [%clk 0:08:17] } Kxe4 { [%clk 0:08:11] } 42.
Kc3 { [%clk 0:08:16] } Kf3 { [%clk 0:08:06] } 43. g5 { [%clk 0:08:15] } fxg5 {
[%clk 0:08:05] } 44. hxg5 { [%clk 0:08:15] } e4 { [%clk 0:08:07] } 45. Kd2 {
[%clk 0:08:16] } Kf2 { [%clk 0:08:07] } 46. Kd1 { [%clk 0:08:12] } e3 { [%clk
0:08:07] } 47. Kc2 { [%clk 0:08:11] } e2 { [%clk 0:08:07] } 48. Kd3 { [%clk
0:08:06] } e1=Q { [%clk 0:07:57] } 49. g6 { [%clk 0:08:03] } hxg6 { [%clk
0:07:56] } 50. Kc4 { [%clk 0:08:00] } b5+ { [%clk 0:07:56] } 51. Kxb5 { [%clk
0:07:51] } Qb4# { [%clk 0:07:54] } 0-1

[Event "Королевский Гамбит. Южный Федеральный округ."]
[Date "2025-11-21"]
[Round "2.2"]
[Board "2"]
[White "Харьковский Назар"]
[WhiteElo "990"]
[Black "Данильченко Борис"]
[BlackElo "990"]
[WebSite "https://www.chessopen.ru"]
[GameId "928a8b20-b7c5-4888-b5cf-9481e97b5a79"]
[Result "1-0"]

1. e4 { [%clk 0:10:01] } e5 { [%clk 0:09:59] } 2. Nf3 { [%clk 0:10:02] } Nc6 {
[%clk 0:09:58] } 3. Bc4 { [%clk 0:10:03] } Nf6 { [%clk 0:09:57] } 4. Nc3 {
[%clk 0:10:04] } Bb4 { [%clk 0:09:49] } 5. d3 { [%clk 0:10:04] } Bxc3+ { [%clk
0:09:49] } 6. bxc3 { [%clk 0:10:05] } d6 { [%clk 0:09:47] } 7. O-O { [%clk
0:10:04] } Be6 { [%clk 0:09:44] } 8. Bb3 { [%clk 0:10:04] } Bxb3 { [%clk
0:09:45] } 9. axb3 { [%clk 0:10:05] } d5 { [%clk 0:09:42] } 10. exd5 { [%clk
0:10:06] } Nxd5 { [%clk 0:09:42] } 11. c4 { [%clk 0:10:05] } Nc3 { [%clk
0:09:42] } 12. Qd2 { [%clk 0:10:04] } O-O { [%clk 0:09:05] } 13. Qxc3 { [%clk
0:10:03] } h5 { [%clk 0:09:06] } 14. Nxe5 { [%clk 0:10:04] } Nxe5 { [%clk
0:09:03] } 15. Qxe5 { [%clk 0:10:04] } Re8 { [%clk 0:09:05] } 16. Qxh5 { [%clk
0:10:02] } f6 { [%clk 0:08:59] } 17. Bb2 { [%clk 0:09:57] } Kf8 { [%clk
0:08:57] } 18. Ba3+ { [%clk 0:09:49] } Re7 { [%clk 0:07:46] } 19. Bxe7+ { [%clk
0:09:31] } Qxe7 { [%clk 0:07:45] } 20. Rae1 { [%clk 0:09:30] } Qa3 { [%clk
0:07:40] } 21. Re2 { [%clk 0:09:28] } g6 { [%clk 0:07:39] } 22. Qh6+ { [%clk
0:09:12] } Kg8 { [%clk 0:07:37] } 23. Rfe1 { [%clk 0:09:11] } Qf8 { [%clk
0:07:32] } 24. Qxf8+ { [%clk 0:09:05] } Rxf8 { [%clk 0:07:28] } 25. h3 { [%clk
0:09:02] } b6 { [%clk 0:07:26] } 26. d4 { [%clk 0:08:59] } c5 { [%clk 0:07:19]
} 27. dxc5 { [%clk 0:08:56] } bxc5 { [%clk 0:07:18] } 28. Re8 { [%clk 0:08:54]
} Kf7 { [%clk 0:07:14] } 29. Rxf8+ { [%clk 0:08:54] } Kxf8 { [%clk 0:07:15] }
30. Re6 { [%clk 0:08:52] } Kf7 { [%clk 0:07:15] } 31. Ra6 { [%clk 0:08:52] } g5
{ [%clk 0:07:12] } 32. Rxa7+ { [%clk 0:08:53] } Ke6 { [%clk 0:07:11] } 33. g3 {
[%clk 0:08:53] } Kf5 { [%clk 0:07:11] } 34. g4+ { [%clk 0:08:54] } Kf4 { [%clk
0:07:09] } 35. Kg2 { [%clk 0:08:51] } f5 { [%clk 0:07:09] } 36. gxf5 { [%clk
0:08:52] } Kxf5 { [%clk 0:07:09] } 37. Rf7+ { [%clk 0:08:51] } Kg6 { [%clk
0:07:09] } 38. Rc7 { [%clk 0:08:51] } Kh5 { [%clk 0:07:07] } 39. Rxc5 { [%clk
0:08:40] } Kh4 { [%clk 0:07:04] } 40. b4 { [%clk 0:08:39] } g4 { [%clk 0:07:04]
} 41. b5 { [%clk 0:08:33] } gxh3+ { [%clk 0:07:03] } 42. Kh2 { [%clk 0:08:33] }
Kg4 { [%clk 0:07:02] } 43. b6 { [%clk 0:08:32] } Kh4 { [%clk 0:06:58] } 44. b7
{ [%clk 0:08:33] } Kg4 { [%clk 0:06:59] } 45. b8=Q { [%clk 0:08:31] } Kf3 {
[%clk 0:06:58] } 46. Qg3+ { [%clk 0:08:32] } Ke4 { [%clk 0:06:55] } 47. Qe5+ {
[%clk 0:08:32] } Kf3 { [%clk 0:06:40] } 48. Qg3+ { [%clk 0:08:25] } Ke2 { [%clk
0:06:38] } 49. Re5+ { [%clk 0:08:23] } Kd2 { [%clk 0:06:35] } 50. Qd3+ { [%clk
0:07:59] } Kc1 { [%clk 0:06:31] } 51. c5 { [%clk 0:08:00] } Kb2 { [%clk
0:06:23] } 52. c6 { [%clk 0:08:01] } Ka2 { [%clk 0:06:20] } 53. Rb5 { [%clk
0:07:58] } Ka1 { [%clk 0:06:19] } 54. Qa3# { [%clk 0:07:59] } 1-0

[Event "Королевский Гамбит. Южный Федеральный округ."]
[Date "2025-11-21"]
[Round "2.2"]
[Board "2"]
[White "Хачатуров Илья"]
[WhiteElo "1010"]
[Black "Медведев Назар"]
[BlackElo "990"]
[WebSite "https://www.chessopen.ru"]
[GameId "e8617100-30df-4151-b15d-ae9f7508d127"]
[Result "1-0"]

1. d4 { [%clk 0:10:01] } e6 { [%clk 0:09:59] } 2. c4 { [%clk 0:10:01] } Qf6 {
[%clk 0:09:59] } 3. Nf3 { [%clk 0:10:01] } Bb4+ { [%clk 0:09:58] } 4. Bd2 {
[%clk 0:10:01] } Bd6 { [%clk 0:09:53] } 5. e4 { [%clk 0:09:59] } Ne7 { [%clk
0:09:50] } 6. e5 { [%clk 0:10:00] } Bxe5 { [%clk 0:09:45] } 7. dxe5 { [%clk
0:09:59] } Qg6 { [%clk 0:09:43] } 8. Nc3 { [%clk 0:09:58] } O-O { [%clk
0:09:41] } 9. Be2 { [%clk 0:09:42] } Nf5 { [%clk 0:09:15] } 10. O-O { [%clk
0:09:39] } Nc6 { [%clk 0:08:56] } 11. Bd3 { [%clk 0:09:11] } Nce7 { [%clk
0:08:07] } 12. Qc2 { [%clk 0:09:07] } b6 { [%clk 0:07:50] } 13. Nh4 { [%clk
0:08:32] } Qg4 { [%clk 0:07:29] } 14. Nxf5 { [%clk 0:08:23] } Ng6 { [%clk
0:06:57] } 15. Ng3 { [%clk 0:08:15] } h5 { [%clk 0:06:46] } 16. Bxg6 { [%clk
0:08:11] } fxg6 { [%clk 0:06:40] } 17. h3 { [%clk 0:07:49] } Qxc4 { [%clk
0:06:25] } 18. Qxg6 { [%clk 0:07:48] } h4 { [%clk 0:05:56] } 19. Bh6 { [%clk
0:07:36] } Rf7 { [%clk 0:05:38] } 20. Nge4 { [%clk 0:07:28] } Kh8 { [%clk
0:05:18] } 21. Qxf7 { [%clk 0:07:13] } gxh6 { [%clk 0:05:03] } 22. Nf6 { [%clk
0:07:11] } Qd3 { [%clk 0:04:49] } 23. Qg8# { [%clk 0:07:09] } 1-0

[Event "Королевский Гамбит. Южный Федеральный округ."]
[Date "2025-11-21"]
[Round "2.3"]
[Board "3"]
[White "Витченко Артём"]
[WhiteElo "990"]
[Black "Коновалов Владислав"]
[BlackElo "1000"]
[WebSite "https://www.chessopen.ru"]
[GameId "a89cb881-def8-4890-ac87-a8d1f79f8262"]
[Result "0-1"]

1. e4 { [%clk 0:10:00] } c5 { [%clk 0:09:59] } 2. Bc4 { [%clk 0:09:59] } Nc6 {
[%clk 0:09:57] } 3. Qh5 { [%clk 0:09:57] } g6 { [%clk 0:09:41] } 4. Qxc5 {
[%clk 0:09:50] } Nf6 { [%clk 0:09:11] } 5. Nf3 { [%clk 0:09:46] } Nxe4 { [%clk
0:09:04] } 6. Qe3 { [%clk 0:09:28] } Nf6 { [%clk 0:08:45] } 7. O-O { [%clk
0:09:07] } Bg7 { [%clk 0:08:23] } 8. Qb3 { [%clk 0:09:07] } O-O { [%clk
0:08:09] } 9. Ng5 { [%clk 0:09:05] } e6 { [%clk 0:07:31] } 10. Nxf7 { [%clk
0:08:55] } Rxf7 { [%clk 0:07:22] } 11. Bxe6 { [%clk 0:08:18] } dxe6 { [%clk
0:07:12] } 12. d3 { [%clk 0:08:04] } Nd4 { [%clk 0:06:46] } 13. Qc4 { [%clk
0:07:53] } Qd5 { [%clk 0:05:46] } 14. Qc3 { [%clk 0:07:50] } Ne2+ { [%clk
0:05:42] } 15. Kh1 { [%clk 0:07:34] } Nxc3 { [%clk 0:05:40] } 16. bxc3 { [%clk
0:07:35] } b6 { [%clk 0:05:33] } 17. Be3 { [%clk 0:07:19] } Bb7 { [%clk
0:05:27] } 18. Nd2 { [%clk 0:07:10] } Qxg2# { [%clk 0:05:15] } 0-1

[Event "Королевский Гамбит. Южный Федеральный округ."]
[Date "2025-11-21"]
[Round "2.3"]
[Board "3"]
[White "Крутых София"]
[WhiteElo "1010"]
[Black "Дружинин Артём"]
[BlackElo "1010"]
[WebSite "https://www.chessopen.ru"]
[GameId "4e1603e1-6a0a-412f-8074-188af7e5aa4c"]
[Result "1/2-1/2"]

1. e4 { [%clk 0:10:00] } c6 { [%clk 0:10:00] } 2. d4 { [%clk 0:09:59] } d5 {
[%clk 0:10:01] } 3. e5 { [%clk 0:09:57] } f6 { [%clk 0:10:02] } 4. Qh5+ { [%clk
0:09:54] } g6 { [%clk 0:10:01] } 5. Qe2 { [%clk 0:09:49] } Bg7 { [%clk 0:10:00]
} 6. g3 { [%clk 0:09:49] } Bf5 { [%clk 0:09:46] } 7. Nf3 { [%clk 0:09:49] } Bg4
{ [%clk 0:09:38] } 8. Bg2 { [%clk 0:09:48] } fxe5 { [%clk 0:09:22] } 9. dxe5 {
[%clk 0:09:48] } Nd7 { [%clk 0:09:23] } 10. Bf4 { [%clk 0:09:39] } Qc7 { [%clk
0:09:15] } 11. Qe3 { [%clk 0:09:30] } Bxf3 { [%clk 0:09:08] } 12. Bxf3 { [%clk
0:09:30] } Bxe5 { [%clk 0:09:06] } 13. Bxe5 { [%clk 0:09:29] } Qxe5 { [%clk
0:09:06] } 14. Qxe5 { [%clk 0:09:30] } Nxe5 { [%clk 0:09:06] } 15. Bg2 { [%clk
0:09:24] } O-O-O { [%clk 0:08:58] } 16. O-O { [%clk 0:09:22] } Nf6 { [%clk
0:08:57] } 17. Re1 { [%clk 0:09:16] } Nc4 { [%clk 0:08:44] } 18. Bh3+ { [%clk
0:09:15] } Kb8 { [%clk 0:08:41] } 19. Rxe7 { [%clk 0:09:11] } Nxb2 { [%clk
0:08:25] } 20. Rf7 { [%clk 0:09:05] } Rhf8 { [%clk 0:08:12] } 21. Rxf8 { [%clk
0:08:55] } Rxf8 { [%clk 0:08:00] } 22. Nc3 { [%clk 0:08:55] } Ne4 { [%clk
0:07:57] } 23. Nxe4 { [%clk 0:08:53] } dxe4 { [%clk 0:07:57] } 24. Rb1 { [%clk
0:08:54] } Nc4 { [%clk 0:07:55] } 25. Bf1 { [%clk 0:08:51] } Nd2 { [%clk
0:07:35] } 26. Re1 { [%clk 0:08:47] } Nxf1 { [%clk 0:07:33] } 27. Kxf1 { [%clk
0:08:48] } Re8 { [%clk 0:07:34] } 28. f3 { [%clk 0:08:44] } Kc7 { [%clk
0:07:33] } 29. fxe4 { [%clk 0:08:44] } Kd6 { [%clk 0:07:35] } 30. e5+ { [%clk
0:08:45] } Rxe5 { [%clk 0:07:33] } 31. Rxe5 { [%clk 0:08:45] } Kxe5 { [%clk
0:07:34] } 32. h4 { [%clk 0:08:46] } Ke4 { [%clk 0:07:34] } 33. Kg2 { [%clk
0:08:47] } Ke3 { [%clk 0:07:36] } 34. Kh3 { [%clk 0:08:49] } h5 { [%clk
0:07:33] } 35. g4 { [%clk 0:08:49] } Kf3 { [%clk 0:07:24] } 36. gxh5 { [%clk
0:08:48] } gxh5 { [%clk 0:07:23] } 37. c4 { [%clk 0:08:47] } b5 { [%clk
0:07:24] } 38. cxb5 { [%clk 0:08:47] } cxb5 { [%clk 0:07:25] } 39. a3 { [%clk
0:08:43] } a5 { [%clk 0:07:25] } 40. Kh2 { [%clk 0:08:42] } b4 { [%clk 0:07:26]
} 41. axb4 { [%clk 0:08:42] } axb4 { [%clk 0:07:25] } 42. Kg1 { [%clk 0:08:40]
} b3 { [%clk 0:07:26] } 43. Kf1 { [%clk 0:08:42] } b2 { [%clk 0:07:24] } 44.
Kg1 { [%clk 0:08:43] } b1=Q+ { [%clk 0:07:23] } 45. Kh2 { [%clk 0:08:43] } Qc2+
{ [%clk 0:07:23] } 46. Kh3 { [%clk 0:08:44] } Qd2 { [%clk 0:07:24] } 1/2-1/2

[Event "Королевский Гамбит. Южный Федеральный округ."]
[Date "2025-11-21"]
[Round "2.3"]
[Board "3"]
[White "Курочкин Артём"]
[WhiteElo "990"]
[Black "Кравчук Сергей"]
[BlackElo "990"]
[WebSite "https://www.chessopen.ru"]
[GameId "274a2981-8727-4ea1-824f-5f0a936a256e"]
[Result "1-0"]

1. e3 { [%clk 0:09:24] } e5 { [%clk 0:09:48] } 2. e4 { [%clk 0:09:24] } Nf6 {
[%clk 0:09:45] } 3. Nf3 { [%clk 0:09:14] } Nc6 { [%clk 0:09:43] } 4. Ng5 {
[%clk 0:09:10] } Nb4 { [%clk 0:09:10] } 5. Bc4 { [%clk 0:09:05] } d5 { [%clk
0:08:43] } 6. Bb5+ { [%clk 0:08:55] } c6 { [%clk 0:08:41] } 7. exd5 { [%clk
0:08:40] } cxb5 { [%clk 0:08:39] } 8. O-O { [%clk 0:08:31] } Nfxd5 { [%clk
0:08:34] } 9. Re1 { [%clk 0:08:27] } Bd6 { [%clk 0:08:27] } 10. Qe2 { [%clk
0:08:26] } Nf4 { [%clk 0:08:21] } 11. Qf1 { [%clk 0:08:24] } Nxc2 { [%clk
0:08:21] } 12. Rd1 { [%clk 0:08:17] } Nxa1 { [%clk 0:08:21] } 13. Qxb5+ { [%clk
0:08:01] } Bd7 { [%clk 0:08:19] } 14. Qa5 { [%clk 0:07:32] } Bb5 { [%clk
0:08:22] } 15. Qxb5+ { [%clk 0:07:29] } Qd7 { [%clk 0:08:10] } 16. Qb4 { [%clk
0:07:14] } Bxb4 { [%clk 0:08:09] } 17. b3 { [%clk 0:07:03] } Nc2 { [%clk
0:08:05] } 18. a3 { [%clk 0:07:03] } Qg4 { [%clk 0:08:00] } 19. g3 { [%clk
0:06:15] } Ne2+ { [%clk 0:07:55] } 20. Kf1 { [%clk 0:06:07] } Qh3+ { [%clk
0:07:48] } 21. Nxh3 { [%clk 0:06:02] } O-O { [%clk 0:07:46] } 22. Kxe2 { [%clk
0:05:49] } Nd4+ { [%clk 0:07:44] } 23. Kf1 { [%clk 0:05:45] } Rac8 { [%clk
0:07:29] } 24. axb4 { [%clk 0:05:34] } Rc4 { [%clk 0:07:25] } 25. bxc4 { [%clk
0:05:34] } Rc8 { [%clk 0:07:13] } 26. Re1 { [%clk 0:05:31] } f6 { [%clk
0:07:03] } 27. Nc3 { [%clk 0:05:17] } Rxc4 { [%clk 0:06:59] } 28. Nd5 { [%clk
0:05:12] } Nf3 { [%clk 0:06:30] } 29. Ne7+ { [%clk 0:05:02] } Kf8 { [%clk
0:06:21] } 30. Re3 { [%clk 0:04:29] } Nxh2+ { [%clk 0:06:20] } 31. Kg2 { [%clk
0:04:27] } Ng4 { [%clk 0:06:18] } 32. Rc3 { [%clk 0:04:22] } Rxb4 { [%clk
0:05:57] } 33. Rc7 { [%clk 0:04:18] } Rd4 { [%clk 0:05:54] } 34. Ba3 { [%clk
0:04:01] } Rxd2 { [%clk 0:05:50] } 35. Nf5+ { [%clk 0:03:52] } Kg8 { [%clk
0:05:42] } 36. Rxg7+ { [%clk 0:03:50] } Kh8 { [%clk 0:05:24] } 37. Rg6 { [%clk
0:03:49] } hxg6 { [%clk 0:05:23] } 38. Ne7 { [%clk 0:03:43] } Ne3+ { [%clk
0:05:13] } 39. Kf3 { [%clk 0:03:34] } Rd3 { [%clk 0:05:05] } 40. Bc5 { [%clk
0:02:59] } Nf5+ { [%clk 0:04:47] } 41. Be3 { [%clk 0:02:57] } Nxe7 { [%clk
0:04:46] } 42. Ke2 { [%clk 0:02:07] } Ra3 { [%clk 0:04:29] } 43. Bc5 { [%clk
0:02:06] } Ra2+ { [%clk 0:04:18] } 44. Kf3 { [%clk 0:02:06] } Nd5 { [%clk
0:04:17] } 45. Ng1 { [%clk 0:01:58] } b6 { [%clk 0:04:13] } 46. Bd6 { [%clk
0:01:54] } b5 { [%clk 0:04:10] } 47. Ke4 { [%clk 0:01:39] } Nc3+ { [%clk
0:04:04] } 48. Kd3 { [%clk 0:01:39] } Ra3 { [%clk 0:03:57] } 49. Bxa3 { [%clk
0:01:39] } a5 { [%clk 0:03:45] } 50. Kxc3 { [%clk 0:01:36] } b4+ { [%clk
0:03:46] } 51. Bxb4 { [%clk 0:01:38] } axb4+ { [%clk 0:03:47] } 52. Kxb4 {
[%clk 0:01:40] } e4 { [%clk 0:03:46] } 53. Kc4 { [%clk 0:01:43] } f5 { [%clk
0:03:45] } 54. Kd5 { [%clk 0:01:45] } Kg7 { [%clk 0:03:44] } 55. Ke5 { [%clk
0:01:46] } Kh6 { [%clk 0:03:40] } 56. Ne2 { [%clk 0:01:48] } Kg5 { [%clk
0:03:40] } 57. Nf4 { [%clk 0:01:47] } Kg4 { [%clk 0:03:30] } 58. Nxg6 { [%clk
0:01:44] } Kf3 { [%clk 0:03:30] } 59. Kxf5 { [%clk 0:01:46] } Kxf2 { [%clk
0:03:23] } 60. g4 { [%clk 0:01:45] } e3 { [%clk 0:03:22] } 61. Nf4 { [%clk
0:01:46] } Kf3 { [%clk 0:03:17] } 62. g5 { [%clk 0:01:47] } Kg3 { [%clk
0:03:13] } 63. g6 { [%clk 0:01:48] } Kf2 { [%clk 0:02:46] } 64. g7 { [%clk
0:01:49] } Kf3 { [%clk 0:02:24] } 65. g8=Q { [%clk 0:01:48] } Kf2 { [%clk
0:02:19] } 66. Qg2+ { [%clk 0:01:46] } Ke1 { [%clk 0:02:18] } 67. Qe2# { [%clk
0:01:49] } 1-0